000 00295nam a2200109Ia 4500
008 220204s9999 xx 000 0 und d
082 _a007
_bHAR
245 0 _aMagnus and muses: 'off the record' musings of mc
260 _aNew Delhi
_bAcademic
_c1980
700 _aHARINDRA SRIVASTAVA
942 _cBK
999 _c34877
_d34877